| 000 | 00630nam a2200253Ia 4500 | ||
|---|---|---|---|
| 008 | 171120s9999 xx 000 0 und d | ||
| 020 | _a7805871485 | ||
| 050 | _a495.1 | ||
| 050 | _bX6 1993 | ||
| 100 | _aXianfeng Liu. | ||
| 245 | _aXin bian ba yong cheng yu ci dian / | ||
| 245 | _cby Xianfeng Liu. | ||
| 260 | _a[China] : | ||
| 260 | _bDunhuang wen yi chu ban she, | ||
| 260 | _c1993 | ||
| 300 | _a577 pages : | ||
| 300 | _billustrations ; | ||
| 300 | _c16cm. | ||
| 650 | _aChines language -- | ||
| 650 | _aChinese language -- | ||
| 650 | _xIdioms -- Dictionaries. | ||
| 650 | _xIdioms. | ||
| 700 | _aTitle. | ||
| 999 |
_c345066 _d345066 |
||